Statistics for Prime Ministers of Sweden

Click here to take the quiz!

General Stats

  • This quiz has been taken 19 times
  • The average score is 8 of 14

Answer Stats

Answer% Correct
Olof Palme
100%
Stefan Löfven
94%
Carl Bildt
88%
Fredrik Reinfeldt
88%
Göran Persson
82%
Hjalmar Branting
65%
Tage Erlander
65%
Thorbjörn Fälldin
65%
Per Albin Hanson
53%
Ingvar Carlson
47%
Carl Gustaf Ekman
24%
Arvid Lindman
12%
Ernst Trygger
12%
Rickard Sandler
12%

Score Distribution

Percentile by Number Answered

Percent of People with Each Score

Your Score History

You have not taken this quiz